| 000 | 00615cjm a2200217u 4500 | ||
|---|---|---|---|
| 999 |
_c130250 _d130250 |
||
| 001 | 7522018 | ||
| 003 | ARRUPE | ||
| 005 | 20200131115430.0 | ||
| 008 | 860610s196u xx uun eng | ||
| 010 | _ar 65001889 | ||
| 040 |
_aDLC _cCarP _dDLC |
||
| 043 | _ae-uk--- | ||
| 050 | 0 | 0 | _aDA28.1.B36 1962 |
| 100 | 1 |
_aBarton, John, _d1928- _ecomp. _949246 |
|
| 245 | 1 | 4 |
_aThe hollow crown. _c John Barton. |
| 260 |
_aLondon _bHistory Book Club _c1962 |
||
| 300 |
_a272p. ; _c26cm. |
||
| 651 | 0 |
_aGreat Britain _xKings and rulers. _9496 |
|
| 906 |
_a0 _bcbc _cpremunv _du _encip _f19 _gy-gencatlg |
||
| 942 |
_2lcc _cMONOGRAPH |
||